000
00309nam a2200145Ia 4500
999
_c
14303
_d
14303
003
OSt
005
20260316162255.0
008
260210s9999 xx 000 0 und d
020
_a
9788415492443
082
_a
728.8
100
_a
Broto
245
0
_a
Contemporary Villas
260
_b
Links
942
_c
UG
_2
ddc